| 000 | 00901cab a2200313 4500 | ||
|---|---|---|---|
| 001 | ABS60624 | ||
| 008 | 090401t1999 xxu||||| |||| 00| 0 eng d | ||
| 035 | _a(Sirsi) u93675 | ||
| 041 | _aeng | ||
| 245 | _aFocus `99: Yorkshire offices, retail and leisure | ||
| 260 | _c1999 | ||
| 350 | _a0 | ||
| 490 |
_aEstates Gazette _v(9919) 15 May 1999, 77-129(26) |
||
| 650 | _aBRADFORD | ||
| 650 | _aGRIMSBY | ||
| 650 | _aHARROGATE | ||
| 650 | _aHULL | ||
| 650 | _aINVESTMENT MARKET | ||
| 650 | _aLEEDS | ||
| 650 | _aLEISURE MARKET | ||
| 650 | _aPROPERTY-COMMERCIAL PROPERTY-OFFICE PROPERTY-OFFICE PROPERTY MARKET | ||
| 650 | _aPLANNING ISSUES | ||
| 650 | _aPROPERTY-COMMERCIAL PROPERTY-RETAIL PROPERTY-RETAIL PROPERTY MARKET | ||
| 650 | _aSOUTH YORKSHIRE | ||
| 650 | _aYORK | ||
| 690 | _aPROPERTY-COMMERCIAL PROPERTY-COMMERCIAL PROPERTY MARKET | ||
| 942 | _n0 | ||
| 948 | _c01/06/1999 | ||
| 999 |
_c59372 _d59372 |
||